000 01625nam0a2200397 4500
001 RU\NLR\bibl\310536
005 20250621140246.0
010 _a5-93772-019-9
_93000
021 _aRU
_b2002-26396
_91312
035 _a(NLR Aleph) 000305671
090 _a15469
_c15469
100 _a20020923d2002 |||y0rusy50 ca
101 1 _arus
_ceng
102 _aRU
105 _aa |||||||||
200 1 _aМаксимальная защита Linux. Искусство настройки
_e[Рук. по защите серверов и рабочих станций Linux от проф. хакера
_eПер. с англ.]
_fАноним. авт.
_gПод ред. Дж. Рэя
205 _a2-е изд.
210 _aСПб.
_cДиаСофтЮП
_d2002
215 _a736 с.
_cил.
_d24
313 _a1 изд. нет
320 _aПредм. указ.: с. 730-736
606 0 _aLINUX, операционная система
_xБезопасность
_92208017
_3RU\NLR\auth\661326520
606 0 _aLINUX, операционная система
_xНастройка
_92263053
_3RU\NLR\auth\661356760
610 0 _aКомпьютеры персональные - Операционные системы
610 0 _aКомпьютеры персональные - Защита памяти
675 _a004.7.056
_v3
_zrus
686 _a50
_2rugasnti
686 _a32.973.26-018.2
_2rubbk
686 _aЗ973.23-018.2
702 1 _aРэй
_bД.
_gДжон
_4340
801 0 _aRU
_bRKP
_c20020923
_gPSBO
801 1 _aRU
_bRKP
_c20020923
801 2 _aRU
_bNLR
_c20021104
_grcr
942 _cBOOK
980 _aNB